000
00340nam a2200157 a 4500
005
20220127140235.0
008
000224d1999 mx a r 00010 spa d
010
_a
80074
011
_a
81046
020
_a
968779853
035
_a
91505
245
0
0
_c
/
260
_c
199
590
_a
CONVERSION
_b
10
_c
20130109
_l
UCH01
_h
1344
901
_a
BK
999
_c
80074
_d
80074